البنك الاسلامي البروناوي: تقويم فقهي واقتصادى
Saved in:
| Main Author: | |
|---|---|
| Other Authors: | |
| Format: | Thesis |
| Language: | Arabic |
| Published: |
Jordan :
Jami'at al-Yarmuk,
2005.
|
| Subjects: | |
| Tags: |
Add Tag
No Tags, Be the first to tag this record!
|
| LEADER | 021970000a22003970004500 | ||
|---|---|---|---|
| 001 | 488878 | ||
| 005 | 20230420124358.0 | ||
| 008 | s2005 jo f ara d | ||
| 035 | |a (Sirsi) 488878 | ||
| 040 | |a UIAM |b eng | ||
| 041 | |a ara | ||
| 050 | |a HG3300.68.A8I8 | ||
| 100 | 1 | |a عزمي حاج متالى |9 119807 | |
| 242 | 1 | 3 | |a al-Bank al-Islami al-Barunay : taqwim fiqhi wa iqtisadi |
| 245 | 1 | 2 | |a البنك الاسلامي البروناوي: تقويم فقهي واقتصادى |c عزمي حاج متالى |
| 260 | |a Jordan : |b Jami'at al-Yarmuk, |c 2005. | ||
| 300 | |a lxxx, 147 leaves ; |c 30 cm | ||
| 336 | |2 rdacontent | ||
| 337 | |2 rdamedia | ||
| 338 | |2 rdacarrier | ||
| 500 | |a "Quddimat hadhihi al-risalah istikmalan li-mutatallabat al-husul 'ala darajat al-Majistir fi al-iqtisad wa al-masarif al-Islamiyah fi Jamia't al-Yarmuk, Irbid, al-Urdun." -- on added t.p. | ||
| 502 | |a Thesis (M.A.)--Jami'at al-Yarmuk, |c 2005. | ||
| 504 | |a Includes bibliographical and references (leaves 147-145). | ||
| 610 | |a Islamic Bank of Brunei |9 119808 | ||
| 650 | 0 | |a Banks and banking |z Brunei |9 119809 | |
| 650 | 0 | |a Banks and banking, Islamic |9 2310 | |
| 655 | |a Theses, Facsimile edition (Islamic) | ||
| 700 | 1 | |a 'Azmi Haji Matali |9 119810 | |
| 710 | |a Jami'at al-Yarmuk. |b Kulliyat al-Shari'ah wa al-Dirasat al-Islamiyah. Qism al-Iqtisad wa al-Masarif al-Islamiyah |9 87886 | ||
| 710 | |a جامعة اليرموك. |b كلية الشريعة والدراسات الاسلامية. قسم الاقتصاد والمصارف الاسلامية |9 87887 | ||
| 900 | |a pts-mb-ami-arf-nbm | ||
| 942 | |2 lcc |n 0 | ||
| 999 | |c 434658 |d 464656 | ||
| 952 | |0 0 |6 TI HG 003300.68 A8 I8 A995B 2005 |7 0 |8 THESES |9 751843 |a IIUM |b IIUM |c MULTIMEDIA |g 0.00 |o ti HG 3300.68 A8 I8 A995B 2005 |p 00011170530 |r 2017-10-23 |t 2 |v 0.00 |y THESIS | ||
| 952 | |0 0 |6 TI HG 003300.68 A8 I8 A995B 2005 |7 0 |8 THESES |9 757441 |a IIiBFL |b IIiBFL |c CLOSEACCES |g 0.00 |o ti HG 3300.68 A8 I8 A995B 2005 |p 00011170442 |r 2017-10-30 |t 1 |v 0.00 |y THESIS | ||
| 952 | |0 0 |6 TI HG 003300.68 A8 I8 A995B 2005 |7 0 |8 THESES |9 757442 |a IIiBFL |b IIiBFL |c CLOSEACCES |g 0.00 |o ti HG 3300.68 A8 I8 A995B 2005 |p 00011293434 |r 2017-11-10 |t 2 |v 0.00 |y THESIS | ||
